| 000 | 00381nam a22001577a 4500 | ||
|---|---|---|---|
| 003 | OSt | ||
| 005 | 20220224160557.0 | ||
| 008 | 220224b |||||||| |||| 00| 0 eng d | ||
| 020 | _a8183600271 | ||
| 040 | _cH.U | ||
| 082 | _a691.7 | ||
| 100 |
_aVaishwanar _931222 |
||
| 245 | _aAnalysis & Design of Structures | ||
| 260 |
_aNew Delhi _bJain Brothers _c2008 |
||
| 942 |
_2ddc _cBOOKS _n0 |
||
| 999 |
_c31657 _d31657 |
||